Entre adolescentes y adultos en la escuela : puntuaciones de época /
Guardado en:
| Autor Principal: | |
|---|---|
| Otros Autores: | , |
| Formato: | Libro |
| Publicado: |
Buenos Aires :
Paidós,
2013
|
| Series: | Voces de la educación / Rosa Rottemberg
|
| Materias: | |
| Etiquetas: |
Agregar Etiqueta
Sin Etiquetas, Sea el primero en etiquetar este registro!
|
| LEADER | 01212nam a22002775a 4500 | ||
|---|---|---|---|
| 001 | CEM.cems014500 | ||
| 005 | 20141022154520.0 | ||
| 008 | 130507s2013##################000#0#####d | ||
| 003 | CEMS | ||
| 020 | |a 9789501215434 | ||
| 082 | 0 | 4 | |a 370 |
| 100 | 1 | |a Korinfeld, Daniel | |
| 245 | 1 | 0 | |a Entre adolescentes y adultos en la escuela : |b puntuaciones de época / |c Daniel Korinfeld, Daniel Levy y Sergio Rascovan |
| 260 | |a Buenos Aires : |b Paidós, |c 2013 | ||
| 300 | |a 288 p. | ||
| 490 | 0 | |a Voces de la educación / Rosa Rottemberg | |
| 505 | 0 | |a Entre adolescentes, jóvenes y adultos -- Transmisión y prácticas institucionales -- Subjetividades en la era digital -- Espacios e instituciones suficientemente subjetivizados -- De la red al aula ¿una nueva ilusión? -- Convivencias escolares -- Las prácticas de la orientación educativa -- Equipos de orientación, espacios de interlocución -- Los caminos de la vida | |
| 653 | |a Educación | ||
| 653 | |a Pedagogía | ||
| 653 | |a Escuela | ||
| 653 | |a Prácticas institucionales | ||
| 653 | |a Subjetividad | ||
| 653 | |a Práctica educativa | ||
| 700 | 1 | |a Levy, Daniel | |
| 700 | 1 | |a Rascovan, Sergio | |
| 859 | |a CEMS |b BIB. CEMS - 11 de abril |h 370 |i K841 |p 27064.14 |t Ej.1 | ||
